00334nam a2200133Ia 4500003000400000005001700004008004100021020001900062040002000081100002000101245005200121260001800173260000900191OSt20240219104414.0170524s9999 xx 000 0 und d a978-8173918391 cIIMT UNIVERSITY aRatandeep Singh 0aHotel front desk management and online services bKanishka Pub. c2006